000 00283nam a22001097a 4500
008 160430b xxu||||| |||| 00| 0 eng d
020 _a0534590063
041 _aeng
080 _a612.39
245 _aUndertanding nutrition:
_cEleanor Noss Whitney; Sharon Rady Rolfes;
942 _2udc
_cBK
999 _c1720
_d1720